| 000 | 00627nam a2200169 a 4500 | ||
|---|---|---|---|
| 005 | 20210219154642.0 | ||
| 008 | 031002s19701978mx r 000 0 spa d | ||
| 035 | _aUPN01000129483 | ||
| 049 | _aCG | ||
| 050 | 4 |
_aTA194 _bC3.48 |
|
| 245 | 0 | 0 |
_aMétodo del camino crítico : _buna técnica administrativa, orientada hacia la computación electrónica--- / _cpreparado por Catalytic Construction Company ; tr. Manuel Arie Rinion. |
| 260 |
_aMéxico : _bDiana, _c1970 (1978 impr.) |
||
| 300 |
_a123 p., [12] h., tablas : _bgrafs. |
||
| 650 | 4 |
_aRUTA CRITICA - _xANALISIS |
|
| 650 | 4 |
_aINGENIERIA - _xADMINISTRACION |
|
| 905 | _aLibro | ||
| 999 |
_c101655 _d101655 |
||